|
|
|
|
| LEADER |
00000nab a2200000 a 4500 |
| 001 |
vtls010548266 |
| 003 |
SK-MaSNL |
| 005 |
20260318124652.0 |
| 008 |
131004|2013 xo w| 000 02hun |
| 015 |
|
|
|a SNBRB2013/10
|
| 038 |
|
|
|a DSZK
|
| 040 |
|
|
|a DSZK
|b slo
|c DSZK
|e AACR2
|
| 041 |
0 |
|
|a hun
|
| 044 |
|
|
|a xo
|c SK
|
| 080 |
|
|
|a 378
|x (437.6)
|2 2001
|
| 100 |
1 |
|
|a Mészáros, Péter,
|d 1978-
|4 aut
|9 840038
|
| 245 |
1 |
0 |
|a Tanévnyitó a főiskolán
|c Mészáros Péter
|
| 610 |
2 |
7 |
|a Vysoká škola zdravotníctva a sociálnej práce sv. Alžbety v Bratislave.
|b Ústav bl. L. Battyhány-Strattmanna v Dunajskej Strede
|2 dszk
|9 243409
|
| 648 |
|
7 |
|a 2013/2014
|2 dszk
|9 353175
|
| 651 |
|
7 |
|a Bratislava (Slovensko)
|2 SNKPH
|9 14568
|
| 651 |
|
7 |
|a Dunajská Streda (Slovensko)
|2 SNKPH
|9 17375
|
| 773 |
0 |
|
|t Remény
|g Évf. XXIV, sz. 40 (2013), o. 2
|x 1335-6534
|
| 852 |
|
|
|a DSZK
|b KIS3GCP
|
| 958 |
|
|
|a HU
|
| 958 |
|
|
|a SK
|
| 999 |
|
|
|c 2561920
|d 2563850
|